| 000 | 01481cam a22004454i 4500 | ||
|---|---|---|---|
| 003 | PE-LiUPU | ||
| 005 | 20250731172902.0 | ||
| 008 | s txt rb 001 0 eng d | ||
| 020 | _a0801097517 | ||
| 020 | _a9780801097515 | ||
| 035 | _a(Sirsi) a165988 | ||
| 040 |
_aPE-LiUPU _bspa _cPE-LiUPU _erda |
||
| 049 | _aPRUA | ||
| 082 | 0 | 4 |
_a227.066 _bW42 _223 |
| 100 | 1 |
_aWeima, Jeffrey A.D., _eautor. |
|
| 245 | 1 | 2 |
_aPaul the Ancient Letter Writer / _cJeffrey A. D. Weima. |
| 264 |
_aGrand Rapids. MI : _bBaker Academic, _c2015. |
||
| 300 |
_a267 páginas; _c23 centimetros. |
||
| 336 |
_atext _2rdacontent |
||
| 337 |
_aunmediated _2rdamedia |
||
| 338 |
_avolume _2rdacarrier |
||
| 504 | _aBibliografía : páginas 237-248. | ||
| 505 | 0 | 4 | _aIntroduction -- The opening -- The thanksgiving -- The body -- The closing -- Epistolary analysis in practice: the test case of Philemon. |
| 526 | _aSEG42 | ||
| 526 | _aSEG41 | ||
| 526 | _aSEG40 | ||
| 526 | _aSEG39 | ||
| 526 | _aP94 | ||
| 526 | _aP87 | ||
| 526 | _aP86 | ||
| 526 | _aP85 | ||
| 526 | _aP77 | ||
| 526 | _aP76 | ||
| 526 | _aP35 | ||
| 650 | 0 | 4 | _aRELIGION / Crítica Bíblica e Interpretación. |
| 596 | _a1 | ||
| 942 |
_2ddc _cBOOK |
||
| 999 |
_a227.066 W42 _wLC _c14725 _i75542 _f2021-11-9 _g5 _lCCODEBUL1 _mBUL _r0 _sY _tBOOK _u2017-1-11 _xTEOLOGIA _PP85 _0COMPRA _o.STAFF. Colección Teología _d14725 |
||
| 980 |
_81 _gALBERTO SANCHEZ Responsable de Automatización |
||